000 00654nam a2200289Ia 4500
005 20260324140309.0
008 008 260324s9999 xx 000 0 eng d
020 _a9780203741559
037 _aEBOOK
040 _aCRL
040 _beng
040 _cCRL
041 _2eng
041 _aeng
084 _qCRL
100 _aRoyM Chiulli
_91203861
245 0 _aQuantitative Analysis
245 3 _bAn Introduction
260 _bTaylor and Francis
260 _c1999
365 _a
365 _b465
856 _uhttp://www.taylorfrancis.com/books/9780203741559
942 _cEBOOK
999 _c1805799
_d1805799